Counties that Start with A - Statistics

General Stats
  • This quiz has been taken 82 times
  • The average score is 42 of 113
Answer Stats
County State % Correct
Ada Idaho
84%
Adams Colorado | Idaho | Illinois | +9 others
80%
Arkansas Arkansas
68%
Albany New York | Wyoming
60%
Allen Indiana | Kansas | Kentucky | +2 others
60%
Austin Texas
60%
Andrew Missouri
52%
Arlington Virginia
52%
Anchorage Alaska
48%
Andrews Texas
48%
Archer Texas
48%
Ashe North Carolina
48%
Alameda California
44%
Anderson Kansas | Kentucky | South Carolina | +2 others
44%
Anne Arundel Maryland
44%
Apache Arizona
44%
Athens Ohio
44%
Alexander Illinois | North Carolina
40%
Allegheny Pennsylvania
40%
Amador California
40%
Aroostook Maine
40%
Arthur Nebraska
40%
Atkinson Georgia
40%
Aurora South Dakota
40%
Avery North Carolina
40%
Addison Vermont
36%
Alexandria Virginia
36%
Ashland Ohio | Wisconsin
36%
Atlantic New Jersey
36%
Acadia Louisiana
32%
Allegan Michigan
32%
Alleghany North Carolina | Virginia
32%
Alpine California
32%
Androscoggin Maine
32%
Appomattox Virginia
32%
Arapahoe Colorado
32%
Ashley Arkansas
32%
Augusta Virginia
32%
Abbeville South Carolina
28%
Adair Iowa | Kentucky | Missouri | Oklahoma
28%
Allamakee Iowa
28%
Allegany Maryland | New York
28%
Archuleta Colorado
28%
Alachua Florida
24%
Albemarle Virginia
24%
Alcona Michigan
24%
Aleutians East Alaska
24%
Aleutians West Alaska
24%
Alger Michigan
24%
Alpena Michigan
24%
Amelia Virginia
24%
Anson North Carolina
24%
Antelope Nebraska
24%
Antrim Michigan
24%
Appanoose Iowa
24%
Assumption Louisiana
24%
Autauga Alabama
24%
Aitkin Minnesota
20%
Alamosa Colorado
20%
Alcorn Mississippi
20%
Appling Georgia
20%
Arenac Michigan
20%
Armstrong Pennsylvania | Texas
20%
Ascension Louisiana
20%
Ashtabula Ohio
20%
Audrain Missouri
20%
Auglaize Ohio
20%
Aiken South Carolina
16%
Alamance North Carolina
16%
Alfalfa Oklahoma
16%
Allendale South Carolina
16%
Amherst Virginia
16%
Amite Mississippi
16%
Angelina Texas
16%
Anoka Minnesota
16%
Aransas Texas
16%
Asotin Washington
16%
Atascosa Texas
16%
Atchison Kansas | Missouri
16%
Attala Mississippi
16%
Avoyelles Louisiana
16%
Accomack Virginia
12%
Atoka Oklahoma
12%
Audubon Iowa
8%
No matching quizzes found
Score Distribution
Percent of People with Each Score
Percentile by Number Answered
Your Score History
You have not taken this quiz